[Event "Rohde op 08th"]
[Site "Sautron"]
[Date "2008.10.30"]
[Round "7"]
[White "Bensdorp, Marlies"]
[Black "Tissir, Mohamed"]
[Result "0-1"]
[WhiteElo "2303"]
[BlackElo "2463"]
[Annotator "Primel,D"]
[PlyCount "232"]
[EventDate "2008.10.25"]
[EventType "swiss"]
[EventRounds "9"]
[EventCountry "FRA"]
[SourceTitle "EXT 2009"]
[Source "ChessBase"]
[SourceDate "2008.11.26"]
[SourceVersion "1"]
[SourceVersionDate "2008.11.26"]
[SourceQuality "1"]

1. d4 Nf6 2. c4 c5 3. d5 b5 4. Qc2 $5 {Une ligne secondaire} (4. cxb5 {
Bensdorp,M (2303)-Gayon,B (1981) Rohde op 8th 2008 (1.17) 1-0}) 4... bxc4 5. e4
d6 6. Bxc4 g6 7. Nf3 Bg7 8. O-O O-O 9. Nc3 Nbd7 10. Re1 (10. h3 {plus courant})
10... Ng4 (10... Nb6 $142 11. Bf1 e6) 11. Bf1 (11. h3 $142 Nge5 12. Nxe5 Nxe5
13. Bf1 {[%cal Gf2f4]} Rb8 14. f4 Nd7 15. Be3) 11... Nge5 $146 12. Nd2 e6 $146
(12... Nb6 {Toth,E (2317)-Yaksin,O (2232) EU-chT U18 6th 2006 (5) 0-1}) 13. h3
exd5 14. exd5 f5 {[%csl Rc6,Re6]} 15. f4 $1 $14 Nf7 16. Nf3 a6 17. Be3 (17. Re6
Nb6) (17. Ng5 Nxg5 18. fxg5 f4 19. Ne4 Ne5 $132) 17... Rb8 18. Rad1 Nf6 19. a3
Ne4 $1 20. Bc1 (20. Nxe4 $6 fxe4 21. Qxe4 Bxb2) 20... Nxc3 21. bxc3 Qa5 22. c4
Bd7 {[%cal Gd7a4,Ga4d1]} 23. Qd3 Qa4 24. Re3 (24. Re7 Rb3 25. Qe2) 24... Rb7
25. Rde1 Rfb8 $36 26. Be2 {[%cal Ge2d1]} (26. Re7 Rb3 27. Qe2) 26... Rb3 27.
Qd2 Rxe3 28. Qxe3 Re8 29. Qd2 (29. Qd3 Re4) 29... Qb3 30. Qd3 Ba4 31. Qxb3 Bxb3
32. Bd3 Rxe1+ 33. Nxe1 Bc3 34. Kf1 $11 {La finale semble égale mais le MI veut
la gagner} (34. Nf3) 34... Nd8 $1 {[%cal Gd8b7,Gb7a5,Ga5c4]} 35. Nf3 $1 {
[%cal Gf3d2]} Nb7 36. Nd2 Na5 (36... Ba2 37. Nb1) 37. Nxb3 Nxb3 38. Be3 Bd4 39.
Ke2 Bxe3 40. Kxe3 Nd4 {Le N est meilleur que le mauvais B mais la position
blanche tient} 41. Kd2 Kf7 42. Bc2 $6 (42. Ke3 Ke7 {[%csl Ra3][%cal Ge7c7,
Gc7b6,Gb6a5,Ga5a4,Ga4a3]} 43. g4 Kd7 44. gxf5 gxf5 45. Kf2 Ke7 (45... Kc7 46.
Kg3 $16) 46. Kg3 Kf7 47. Kh4 Kg6 $11) 42... Nxc2 $1 43. Kxc2 g5 $1 44. fxg5 Kg6
45. Kd2 Kxg5 46. Ke3 f4+ 47. Ke4 a5 48. a4 h6 $1 {Les blancs vont finir par
être en zugzwang!} 49. Kf3 Kf5 $4 {Mène а une finale de Q avec des risques
d'échecs perpétuels alors que les noirs avaient une gain immédiat dans la
finale de P} (49... h5 $1 50. g3 $22 fxg3 51. Kxg3 h4+ 52. Kf3 Kf5 {Les noirs
ont l'opposition} 53. Ke3 Ke5 54. Kd3 Kf4 $19 55. Kd2 Kg3 56. Ke2 Kxh3 57. Kf3
Kh2 58. Kf2 h3 59. Kf3 Kg1 60. Kg3 h2) 50. g3 fxg3 51. Kxg3 Ke4 52. Kg4 Kd4 53.
Kf5 Kxc4 54. Ke6 Kb4 55. Kxd6 c4 56. Ke6 c3 57. d6 c2 58. d7 c1=Q 59. d8=Q Qe3+
60. Kf7 Qxh3 61. Qd4+ Kb3 62. Qd5+ Kxa4 63. Qc4+ Ka3 64. Qc5+ Ka4 65. Qc4+ Ka3
66. Qc5+ Kb2 67. Qxa5 h5 68. Qe5+ Kc2 69. Qe2+ Kc3 70. Qe5+ Kd3 71. Qd5+ Ke2
72. Qb5+ Kf2 73. Qc5+ Kg2 74. Qg5+ Qg4 75. Qd2+ Kh3 76. Qd3+ Kh4 77. Qd8+ Kg3
78. Qa5 h4 79. Qe1+ Kg2 80. Qd2+ Kh3 81. Kf6 Qg3 82. Kf5 Qf3+ 83. Kg5 Qg4+ 84.
Kf6 Qg2 85. Qf4 Qg3 86. Qf1+ Kh2 87. Qe2+ Kg1 88. Ke7 h3 89. Qd1+ Kf2 90. Qd2+
Kf1 91. Kd8 Qg8+ 92. Kd7 Qg4+ 93. Kd8 Qh4+ 94. Kc8 h2 95. Qd1+ Kf2 96. Qd2+ Kf3
97. Qd3+ Kf4 98. Qd4+ Kg5 99. Qd8+ Kg4 100. Qd1+ Kf5 101. Qd5+ Kg6 102. Qg8+
Kf5 103. Qd5+ Kf4 104. Qd2+ Ke5 105. Qa5+ Ke6 106. Qb6+ Kf7 107. Qc7+ Kg8 108.
Qc6 h1=Q 109. Qe6+ Kf8 110. Qf5+ Kg7 111. Qd7+ Kg6 112. Qe8+ Kf5 113. Qd7+ Kf4
114. Qd2+ Kg3 115. Qe3+ Qf3 116. Qe1+ Kh3 {[%mdl 4096]} 0-1

[Event "GER-GRE"]
[Site "Fuerth"]
[Date "2002.09.04"]
[Round "5"]
[White "Graf, Alexander"]
[Black "Halkias, Stelios"]
[Result "1/2-1/2"]
[WhiteElo "2624"]
[BlackElo "2550"]
[Annotator "Stohl,I"]
[PlyCount "71"]
[EventDate "2002.08.31"]
[EventType "team"]
[EventRounds "6"]
[EventCountry "GER"]
[SourceTitle "CBM 091"]
[Source "ChessBase"]
[SourceDate "2002.11.12"]
[SourceVersion "1"]
[SourceVersionDate "2002.11.12"]
[SourceQuality "1"]
[WhiteTeam "Germany"]
[BlackTeam "Greece"]
[WhiteTeamCountry "GER"]
[BlackTeamCountry "GRE"]

1. d4 Nf6 2. c4 c5 3. d5 b5 4. cxb5 a6 5. e3 Bb7 {This move order is designed
to avoid the line} (5... axb5 6. Bxb5 Qa5+ 7. Nc3 Bb7 8. Nge2 Nxd5 9. O-O $13)
6. Nc3 Qa5 $5 (6... axb5 7. Bxb5 Qa5 {can still transpose into the positions
mentioned above.}) 7. Bd2 ({Even the other alternative} 7. bxa6 Bxd5 (7... Nxa6
$5 8. Bd2 Qb6 9. e4 e6 10. Nf3 exd5 11. exd5 Nxd5 12. Be2 Be7 13. O-O O-O 14.
Nxd5 Bxd5 15. Bg5 Bxg5 16. Qxd5 Bf6 17. Rad1 Nb4 $132 {1/2, Farago,I-Krivoshey,
S/Graz/2001/}) 8. Bd2 Bc6 9. Nf3 Qc7 10. Nb5 Qb6 $5 (10... Bxb5 11. Bxb5 e6 12.
O-O Be7 13. Qe2 Ne4 14. Rfd1 O-O 15. Be1 d5 16. Rac1 Qb6 17. a4 Nxa6 18. Ne5
Nb8 19. f3 Nd6 20. e4 dxe4 21. fxe4 c4+ 22. Bf2 Qb7 23. Rxd6 Bxd6 24. Nxc4 Bf4
25. Rd1 Nc6 26. g3 Bc7 27. e5 $44 {Brynell,S-Vescovi,G/Malmo/1995/}) 11. Qb3
Bd5 $13 {doesn't promise White anything tangible.}) 7... axb5 8. Bxb5 (8. Nxb5
$143 Qb6 {loses the Pd5 in less favourable circumstances.}) 8... Qb6 9. Qf3 {
A rare and not very promising alternative to the more usual} (9. Qb3 e6 10. Bc4
(10. e4 Nxe4 11. Nxe4 Bxd5 12. Qd3 Qb7 $5 13. f3 c4 14. Bxc4 Bxc4 15. Qxc4 d5
$44 {is already for more than a decade known to be satisfactory for Black.})
10... Qxb3 11. Bxb3 Na6 $5 12. Nf3 exd5 13. O-O Be7 14. Rfd1 O-O 15. Be1 Nc7
16. Bc2 Rfb8 17. b3 d6 18. Rac1 Bc6 19. Bb1 Ne6 20. Ne2 Ra6 21. Nd2 Bd8 22. f3
Ba8 23. Bg3 Nh5 24. Bf2 g6 $11 {Karasev,V-Sivokho,S/St Petersburg/2000/ and
Black's [+] doesn't pose serious threats, but is sufficiently protected.}) 9...
Na6 ({A more forcing and playable move is} 9... e6 $5 10. e4 exd5 11. exd5 Nxd5
$1 12. Qe2+ $142 (12. Nxd5 Qe6+ 13. Ne2 Bxd5 $5 (13... Qxd5 $6 14. Qxd5 Bxd5
15. O-O Be7 16. Bc3 O-O 17. Nf4 Be6 18. a4 Bg5 19. Be5 Bxf4 20. Bxf4 d5 21.
Rfd1 Rc8 22. a5 Nc6 23. a6 Ra7 24. Bd6 Nd4 25. Rxd4 $1 cxd4 26. b4 Bd7 27. Bxd7
Rxd7 28. Bc5 $14 {/+/-, Mamedova,R-Hasanova,E/EU-chW Warsaw/2001/}) 14. Qg3 Bd6
$36) 12... Be7 13. Nf3 (13. Nxd5 $6 Bxd5 14. Nf3 O-O $1 $36) 13... O-O 14. O-O
Bf6 $13) 10. Nge2 $146 {White continues his development.} ({More consistent was
} 10. Bxa6 Bxa6 $142 $1 $44 (10... Rxa6 11. Nge2 g6 12. O-O Bg7 13. e4 d6 14.
b3 (14. Rab1 $142 $14) 14... O-O 15. Na4 Qc7 16. Bc3 Rfa8 17. Nc1 c4 18. Rb1
Bc8 $1 19. Re1 (19. Nb2 Nxe4 $1 {/\} 20. Bxg7 Nd2 $15) 19... Bg4 20. Qe3 Bd7
$36 {Hamann,S-Votava,J/Meisdorf/1996/})) 10... Nb4 11. O-O Nbxd5 12. e4 (12.
Qg3 Nxc3 (12... g6 $11) 13. Nxc3 Ne4 14. Qg4 e6 15. Qe2 Nd6 $5 $13) 12... Nc7 (
12... Nxc3 13. Nxc3 g6 (13... Nxe4 $6 14. Bxd7+ Kxd7 15. Nxe4 $40 {[%csl Rd7]
עd7}) (13... e6 14. Bg5 Be7 15. Qd3 $16) 14. Qd3 $32 {->}) 13. a4 (13. Bc4 $5
e6 (13... Qxb2 $2 14. Bf4 (14. Rfb1 Qxd2 15. Rxb7 $44 {->}) 14... Qb4 15. Rfb1
Qxc4 16. Rxb7 $40) 14. Bf4 Be7 15. Rfd1 (15. Qg3 d6 16. Qxg7 Rg8 17. Qh6 Nxe4
$15) 15... O-O 16. b3 (16. Qg3 Qb4 $1 $132) 16... Rfd8 $13) 13... e6 14. Bg5
Be7 15. Rad1 Nxb5 16. axb5 Rd8 (16... Nxe4 $6 17. Nxe4 (17. Bxe7 Nxc3 18. Qxc3
Kxe7 $17) 17... Bxg5 (17... d5 18. Qc3 $1 f6 19. Bxf6 gxf6 20. Nxf6+ Kf7 21.
Ng4 $40 {[%csl Rf7] עf7}) 18. Nd6+ Qxd6 19. Qxb7 Rb8 20. Qa7 $16) 17. Rfe1 h6
$1 (17... Nxe4 $2 18. Bxe7 Nxc3 19. Bxd8 Nxe2+ 20. Qxe2 Qxd8 21. Qe5 $18) (
17... O-O 18. Qe3 $132) 18. Bf4 d6 19. Ng3 h5 $5 {Black has done well from the
opening and starts getting ambitious. But more logical was the simple} (19...
O-O $1 20. Nh5 Nxh5 21. Qxh5 $11 {/\} Bf6 22. e5 $132) 20. Nf1 d5 21. Ne3 $5 {
[%mdl 512] An enterprising positional sacrifice.} (21. exd5 Nxd5 22. Nxd5 Rxd5
(22... Bxd5 23. Qg3 $14 {[%cal Rf4c7,Rg3g7] /\Qg7,Bc7}) 23. Qe2 O-O 24. Ne3 $11
) 21... Nxe4 (21... dxe4 $143 $6 22. Qg3 {[%cal Re3c4] /\Nc4|^}) 22. Nxe4 dxe4
23. Qg3 Rxd1 $2 (23... O-O $142 24. Rxd8 Bxd8 $1 (24... Qxd8 25. Rd1 (25. Be5
$143 f6 26. Rd1 Qa5 27. Rd7 h4 $5 28. Qh3 fxe5 29. Nf1 $1 Bd5 30. Rxe7 Qe1 31.
Qe3 Qxe3 32. Nxe3 Rb8 33. Nxd5 exd5 34. Rxe5 Rxb5 35. Rxd5 Rxb2 36. Kf1 $15)
25... Qe8 (25... Qb6 $2 26. Be5 {-23...Rd1}) 26. Be5 f6 27. Bd6 $44) 25. Bd6
Re8 (25... h4 26. Qe5 Bf6 27. Qxc5 Qxc5 28. Bxc5 Rd8 $13) 26. Be5 f6 27. Nc4 $1
Qxb5 $1 28. Nd6 Qd7 29. Nxe8 fxe5 30. Qg6 Kf8 31. Qxh5 Qxe8 32. Qh8+ Kf7 33.
Qh5+ $11 Ke7 34. Qxe5 $13) 24. Rxd1 $40 O-O 25. Be5 f6 $5 {[%mdl 2048] []
White's pieces all coordinate very well together in the attack after} (25... g6
$2 26. Rd7 Ra8 (26... Re8 27. Bc3 $1 {[%cal Rd7e7,Rg3e5] /\Re7,Qe5} Kf8 28. Nc4
Qxb5 29. Rxe7 $1 Qxc4 (29... Rxe7 30. Qe5 f6 (30... Re8 31. Qg7+ Ke7 32. Bf6+
Kd7 33. Qxf7+ $18) 31. Qxf6+ Rf7 32. Qxf7+ $1 Kxf7 33. Nd6+ $18) 30. Rxe8+ Kxe8
31. Qb8+ $18) 27. h3 Kf8 (27... h4 28. Qf4 g5 29. Qg4 {/\} Kf8 30. Nc4 $1 Qxb5
31. Qh5 Ra1+ 32. Kh2 Ke8 33. Rxe7+ Kxe7 34. Bd6+ Ke8 35. Ne5 $18) 28. Bg7+ $1
Kxg7 (28... Ke8 29. Nc4 Qxb5 30. Rxe7+ Kxe7 31. Qd6+ Ke8 32. Ne5 $18) 29. Rxe7
$18 {->}) 26. Rd7 Rf7 (26... h4 27. Qg6 $1 Rf7 28. Bd6 Qxd6 $8 29. Rxd6 Bxd6
30. Qg4 $16) 27. Bxf6 $1 Bxf6 28. Qb8+ Rf8 29. Qxb7 Qa5 $5 (29... Qxb7 30. Rxb7
Bxb2 31. b6 Bd4 32. Rc7 Rb8 (32... Bxe3 33. fxe3 Rb8 34. b7 Kh7 35. Kf2 Kg6 36.
Ke2 $16) 33. b7 Kh7 34. Kf1 $1 (34. Nc4 Rf8 $1 35. Kf1 Rxf2+ 36. Ke1 e3 $1 37.
Nxe3 Rb2 $132) 34... Kg6 35. Ke2 {[%cal Re3c4] /\Nc4+/-} Be5 36. Rxc5 Bxh2 37.
Rb5 $16) 30. Rd1 Qa4 31. b6 (31. Qc6 $142 $1 Bd4 (31... Qb3 32. Qxc5 Rb8 33.
Qxh5 Qxb5 34. Qg6 $16) 32. Qxe6+ Kh8 33. Qe7 $5 (33. Qd5 Bxe3 (33... Qxb5 $2
34. Rxd4 $18) 34. fxe3 Rf5 35. Qxf5 Qxd1+ 36. Qf1 Qd2 $132) 33... Rb8 34. Qxe4
Qxb5 35. Nc2 Qxb2 36. Qf5 $14) 31... Bg5 $1 32. Re1 (32. Rd7 Bf6 {[%cal Rf6d4]
/\Bd4<=>}) 32... Bxe3 33. fxe3 Qc2 $11 34. Rf1 Rxf1+ 35. Kxf1 Qd1+ 36. Kf2 (36.
Kf2 Qd2+ 37. Kf1 (37. Kg3 $6 Qxe3+ 38. Kh4 Qf4+ 39. Kxh5 Qxh2+ 40. Kg5 Qxg2+
41. Kf4 Qh2+ {might also still be a draw, but is risky only for White.}) 37...
Qd1+ $11) 1/2-1/2

[Event "Olympiad-36"]
[Site "Mallorca"]
[Date "2004.10.23"]
[Round "8"]
[White "Graf, Alexander"]
[Black "Felgaer, Ruben Alejandro"]
[Result "1-0"]
[WhiteElo "2646"]
[BlackElo "2569"]
[Annotator "Stohl,I"]
[PlyCount "59"]
[EventDate "2004.10.15"]
[EventType "team-swiss"]
[EventRounds "14"]
[EventCountry "ESP"]
[SourceTitle "CBM 104"]
[Source "ChessBase"]
[SourceDate "2005.01.27"]
[SourceVersion "1"]
[SourceVersionDate "2005.01.27"]
[SourceQuality "1"]
[WhiteTeam "Germany"]
[BlackTeam "Argentina"]
[WhiteTeamCountry "GER"]
[BlackTeamCountry "ARG"]

1. d4 Nf6 2. c4 c5 3. d5 b5 4. cxb5 a6 5. e3 Bb7 6. Nc3 Qa5 7. Bd2 axb5 8. Bxb5
Qb6 9. Qf3 {Graf's specialty, he strives for more than the acclaimed} (9. Qb3
e6 $44 {/= can promise.}) 9... e6 (9... Na6 $5 10. Nge2 (10. Bxa6 Rxa6 (10...
Bxa6 $5 $132) 11. Nge2 g6 12. O-O Bg7 13. e4 d6 14. b3 (14. Rab1 $142) 14...
O-O 15. Na4 Qc7 16. Bc3 Rfa8 17. Nc1 c4 18. Rb1 Bc8 19. Re1 Bg4 20. Qe3 Bd7 21.
Bd4 Bxa4 22. bxa4 Rxa4 23. Qc3 Qc8 24. f3 Ra3 $36 {Hamann,S-Votava,J/Meisdorf/
1996/}) 10... Nb4 11. O-O Nbxd5 12. e4 Nc7 13. a4 ({Gaf probably intended to
improve his play somewhere, possibly with} 13. Bc4 $5) 13... e6 14. Bg5 Be7 15.
Rad1 Nxb5 16. axb5 Rd8 17. Rfe1 h6 18. Bf4 d6 19. Ng3 {Graf,A-Halkias,S/Fuerth/
2002/} O-O 20. Nh5 $11 {and it's rather White, who has to be careful to keep
the balance.}) 10. e4 exd5 11. exd5 Nxd5 12. Nxd5 Qe6+ 13. Ne2 Bxd5 (13... Qxd5
$143 14. Qxd5 Bxd5 15. O-O Be7 16. Bc3 O-O 17. Nf4 Be6 18. a4 Bg5 19. Be5 (19.
Nxe6 $5 $16) 19... Bxf4 20. Bxf4 d5 21. Rfd1 Rc8 22. a5 {Mamedova,R-Hasanova,E/
EU-chW Warsaw/2001/} Na6 $14) 14. Qg3 Bd6 {Felgaer probably unwittingly
follows my rather offhand recommendation in the notes to the Graf-Halkias game.
Although it looks superficially attractive for Black, matters are far from
clear, as the weakened >> and insecure Ke8 are very important factors as well.}
15. Qxg7 Be5 16. Qg5 h6 17. Qe3 (17. Qh5 $5 Bxb2 18. O-O $1 Qe5 (18... Bxa1 19.
Rxa1 $44 {[%cal Re2f4] ->/\Nf4}) 19. Qxe5+ Bxe5 20. Rae1 $36 {/\} Be6 21. Nf4
Rxa2 22. Rxe5 Rxd2 23. Rxc5 $14) 17... Bxb2 18. Rb1 Bd4 $2 {White needs only
to castle to start his -> and leaving the Q on board in such a situation is
extremely risky to say the least.} ({Safer and more natural was} 18... Qxe3 19.
fxe3 (19. Bxe3 Rxa2 (19... Ba3 $5) 20. Nc1 (20. Bxc5 Be4 21. Rd1 Bc2 22. Rd5
Ra1+ 23. Kd2 Rxh1 24. Kxc2 Bg7 $15) 20... Bc3+ (20... Bxc1 21. Rxc1 Bxg2 22.
Rg1 $44) 21. Kd1 Ra5 22. Bxc5 Bxg2 $13 {/=/+}) 19... Be5 (19... Rxa2 $6 20. Bc3
$1 Rg8 $1 (20... Bxc3+ 21. Nxc3 Bxg2 22. Rg1 Ra3 23. Be2 $16 {[%cal Rb1b8,
Rc3b5] /\Rb8,Nb5}) 21. Rxb2 $1 Ra1+ 22. Kd2 Rxh1 23. Bc4 Rg5 24. Rxb8+ $14) 20.
Bc3 Nc6 $11 (20... f6 $5)) 19. Qg3 Kf8 (19... Bxa2 20. O-O Be5 (20... Bxb1 $2
21. Nxd4 cxd4 22. Rxb1 $40 {/\} Kd8 23. Bc4 $1 Qxc4 24. Rxb8+ $18) 21. Bf4 $36
{[%csl Re8] עe8}) 20. O-O Be5 $6 (20... Rg8 21. Nf4 $5 (21. Nxd4 Qf6 $8 (21...
cxd4 $4 22. Bb4+ $18) 22. Ne2 (22. Nf5 Rxg3 23. fxg3 Be4 24. Bxh6+ Kg8 $17)
22... Rxg3 23. fxg3 $44) 21... Qd6 (21... Rxg3 22. Nxe6+ dxe6 23. hxg3 Rxa2 24.
Bxh6+ Ke7 $14 {isn't so clear either, Black's [+] army complicates the
conversion of the extra exchange.}) 22. Qh4 $36 Qxf4 $2 23. Qd8+ Kg7 24. Qxg8+
Kxg8 25. Bxf4 Bxa2 26. Rbc1 $16) 21. Nf4 Qd6 (21... Qf5 $2 22. Bd3 Be4 23. Bxe4
Qxe4 24. Rbe1 $18) 22. Rfe1 $40 {[%cal Re1e5][%mdl 2176] /\Re5 White has
achieved ideal piece coordination and Black already has no good defence
against the coming attack.} Rg8 (22... Nc6 23. Bxc6 Bxc6 24. Rxe5 Qxd2 25. Ng6+
$1 fxg6 26. Qxg6 $18) (22... Bxa2 23. Rxe5 Qxd2 (23... Bxb1 24. Nd5 $18 Qg6 25.
Re8+ $1 Kxe8 26. Qe5+ Kf8 27. Qxh8+ Qg8 28. Bxh6+) 24. Ng6+ $5 (24. Rbe1 $40) (
24. Rxc5 $18) 24... fxg6 25. Qf3+ Bf7 26. Bc4 $18) (22... Rxa2 23. Rxe5 Rxd2
24. Rxd5 $18) 23. Rxe5 $1 Rxg3 (23... Qxe5 24. Ng6+ $18) 24. Rxd5 $18 {White
wins material with a continuing attack.} Rxg2+ (24... Rg6 25. Rxd6 Rxd6 26. Be3
$18) (24... Qf6 25. hxg3 $18) 25. Kxg2 Qf6 26. Be3 Nc6 (26... Rxa2 27. Bc4 Ra8
28. Bxc5+ $18) 27. Bxc6 dxc6 (27... Qxc6 28. Rb6 $1 $18) 28. Rxc5 Ra4 (28...
Rxa2 29. Rb8+ $18 {is the same, as in the game.}) 29. Rb8+ Ke7 (29... Kg7 30.
Nh5+) 30. Nd5+ $1 (30. Nd5+ cxd5 31. Rc7+ Kd6 32. Rb6+ $18) 1-0